Commercial lease reform in the UK (Record no. 105952)

MARC details
000 -LEADER
fixed length control field 01358cam a2200241 4500
001 - CONTROL NUMBER
control field ##L135220
008 - FIXED-LENGTH DATA ELEMENTS--GENERAL INFORMATION
fixed length control field 061005n2006 000 0 eng u
035 ## - SYSTEM CONTROL NUMBER
System control number (Sirsi) u135220
041 0# - LANGUAGE CODE
Language code of text/sound track or separate title eng
050 04 - LIBRARY OF CONGRESS CALL NUMBER
Classification number 346.4104343 $2 18
100 1# - MAIN ENTRY--PERSONAL NAME
Personal name Crosby, Neil
245 00 - TITLE STATEMENT
Title Commercial lease reform in the UK
Remainder of title can we learn anything from Australia about the awareness of small business tenants?
260 ## - PUBLICATION, DISTRIBUTION, ETC.
Place of publication, distribution, etc. London
Name of publisher, distributor, etc. RICS
Date of publication, distribution, etc. 2006
520 ## - SUMMARY, ETC.
Summary, etc. Examines the ways in which the Australians have addressed the problems associated with small business tenants, including upwards-only rent reviews, confidentiality clauses and dispute resolution. The Australian State Governments have attempted to deal with these issues through legislation or mandatory codes, whereas in the UK voluntary codes of practice have been the method of choice. Looks at the benefits of the Australian approach.
590 ## - LOCAL NOTE (RLIN)
Local note IKA171006
651 #4 - SUBJECT ADDED ENTRY--GEOGRAPHIC NAME
Geographic name AUSTRALIA
690 ## - LOCAL SUBJECT ADDED ENTRY--TOPICAL TERM (OCLC, RLIN)
Topical term or geographic name as entry element PROPERTY-COMMERCIAL PROPERTY-LEASEHOLD COMMERCIAL PROPERTY-COMMERCIAL LANDLORD AND TENANT-BUSINESS TENANCIES
710 2# - ADDED ENTRY--CORPORATE NAME
Corporate name or jurisdiction name as entry element Royal Institution of Chartered Surveyors
9 (RLIN) 4900
710 2# - ADDED ENTRY--CORPORATE NAME
Corporate name or jurisdiction name as entry element University of Reading
9 (RLIN) 3273
710 2# - ADDED ENTRY--CORPORATE NAME
Corporate name or jurisdiction name as entry element Investment Property Forum
9 (RLIN) 2112
856 40 - ELECTRONIC LOCATION AND ACCESS
Uniform Resource Identifier <a href="https://www.rics.org/site/scripts/download_info.aspx?downloadID=3088">https://www.rics.org/site/scripts/download_info.aspx?downloadID=3088</a>
Public note View the item free of charge at www.rics.org.uk...
942 ## - ADDED ENTRY ELEMENTS (KOHA)
Suppress in OPAC 0
Holdings
Withdrawn status Lost status Source of classification or shelving scheme Damaged status Not for loan Home library Current library Shelving location Date acquired Total Checkouts Full call number Barcode Date last seen Copy number Price effective from Koha item type
    Dewey Decimal Classification     Virtual Virtual Online 05/10/2006   ONLINE PUBLICATION 135220-1001 06/08/2019 1 06/08/2019 Book